Industrial biochemistry / (Record no. 7458)

MARC details
000 -LEADER
fixed length control field 00555 a2200169 4500
010 ## - LCCN (DPL NO)
LC control number ENG-88000
020 ## - INTERNATIONAL STANDARD BOOK NUMBER
International Standard Book Number 9788190480376
Terms of availability 695.00
035 ## - SYSTEM CONTROL NUMBER
System control number EN-71533
037 ## - SOURCE OF ACQUISITION
Source of stock number/acquisition DBAD / PUB
082 14 - DEWEY DECIMAL CLASSIFICATION NUMBER
Classification number 660.63
100 1# - MAIN ENTRY--PERSONAL NAME
Personal name Dass Gupta, B. K.
245 1# - TITLE STATEMENT
Title Industrial biochemistry /
Statement of responsibility, etc by B. K. Dass Gupta
260 ## - PUBLICATION, DISTRIBUTION, ETC. (IMPRINT)
Place of publication, distribution, etc New Delhi
Name of publisher, distributor, etc Swastik Publishers & Distributors
Date of publication, distribution, etc 2007
270 ## - ADDRESS
Address 31, Gali No.1, A-Block, Pocket-5, CRP Water Tank, Sonia Vihar
City Delhi
Postal code 110 094
State or province Delhi
Telephone number 9899462604
300 ## - PHYSICAL DESCRIPTION
Extent viii, 270 p.
Dimensions 24 cm ( Hb.)
942 ## - ADDED ENTRY ELEMENTS (KOHA)
Institution code [OBSOLETE] dpl
Item type English Books
Call number prefix 660.63 / DAS
Source of classification or shelving scheme Dewey Decimal Classification
Holdings
Withdrawn status Lost status Not for loan Collection code Home library Current library Source of acquisition Cost, normal purchase price Full call number Barcode Copy number Cost, replacement price Koha item type
    Not For Loan Non-fiction D.B.Act.Division D.B.Act.Division DBAD/PUB 695.00 660.63 EN-71533 1 695.00 English Books

© Delhi Public Library
Hit Counter
free hit counter